Dieta pri zánetu a chronickem selhaní ledvin (Record no. 19898)
[ view plain ]
| 000 -NÁVESTIE | |
|---|---|
| fixed length control field | 00287nam a2200109 a 4500 |
| 008 - ÚDAJE S PEVNOU DĹŽKOU – VŠEOBECNÉ INFORMÁCIE | |
| fixed length control field | 111206s1975|||| d |
| 020 ## - MEDZINÁRODNÉ ŠTANDARDNÉ ČÍSLO KNIHY (ISBN) | |
| Údaje o dostupnosti | 11 |
| 044 ## - KÓD KRAJINY VYDAVATEĽA/PRODUCENTA | |
| Kód krajiny MARC | xo |
| Kód krajiny ISO | SK |
| 100 1# - OSOBNÉ MENÁ – VŠEOBECNÉ INFORMÁCIE | |
| Osobné meno | SKÁLA - LAMAČOVÁ |
| 245 10 - NÁZOV | |
| Názov | Dieta pri zánetu a chronickem selhaní ledvin |
| 260 ## - VYDAVATEĽSKÉ ÚDAJE, DISTRIBÚCIA ATĎ. | |
| Názov vydavateľa, distibútora atď. | Avicenum |
| Miesto publikovania, distribúcie atď. | Praha |
| Dátum publikovania, distribúcie atď. | 1975 |
| Stav stiahnutia (Blokovanie) (Withrawn status) | Stav straty | Stav poškodenia (Damaged status) | Nie pre výpožičky (Not for loan) | Spôsob nadobudnutia (Collection code) | Trvalé umiestnenie | Aktuálne umiestnenie | Dátum nadobudnutia | Náklady, bežná kúpna cena | Inventárne číslo (prírastkové číslo) | Full call number | Dátum posledného výskytu | Cena s účinnosťou od | Typ jednotky Koha |
|---|---|---|---|---|---|---|---|---|---|---|---|---|---|
| Kúpa | Mestská knižnica Giraltovce | Mestská knižnica Giraltovce | 2019-11-29 | 11.00 | 18 384 | I 1583 | 2019-11-29 | 2019-11-29 | Odborná literatúra pre dospelých |